Journal of pharmaceutical education and research

Detalles Bibliográficos
Autor Corporativo: PCTE Institute of Pharmacy
Formato: Electrónico Seriadas
Lenguaje:inglés
Publicado: Ludhiana, India : PCTE Institute of Pharmacy
Materias:
Acceso en línea:Full text available from Research Library: 06/01/2010 to 06/30/2013

MARC

LEADER 00000nas a2200000 a 4500
001 ssj0000502759
003 WaSeSS
005 20200512172242.0
006 m d
007 cr n
008 110822c20109999ii fr ss 0 a0eng c
010 |a  2012233078 
022 |a 0976-8238  |l 0976-8173 
035 |a (WaSeSS)ssj0000502759 
040 |a QE2  |b eng  |c QE2  |d CUS  |d NTE  |d GUA  |d OCLCQ  |d CUS  |d OCLCF  |d OCLCO  |d UAT  |d AU@  |d OCLCQ  |d OCLCO  |d CUI  |d OCLCO  |d OCLCQ  |d OCLCO  |d OCLCA  |d U3W  |d OCLCO  |d CRU  |d OCLCO  |d OCLCQ  |d WYU  |d OCLCO  |d OCLCA  |d WaSeSS 
042 |a pcc 
050 4 |a RM1 
060 1 0 |a W1 
210 0 |a J. pharm. educ. res.  |b (Online) 
222 0 |a Journal of pharmaceutical education and research  |b (Online) 
245 0 0 |a Journal of pharmaceutical education and research  |h [electronic resource]. 
246 1 |a JPER 
260 |a Ludhiana, India :  |b PCTE Institute of Pharmacy 
310 |a Semiannual 
362 1 |a Began with v. 1 issue 1 (June 2010). 
506 |a License restrictions may limit access. 
588 |a Description based on: Vol. 1, issue 1 (June 2010); title from title screen (publisher's Web site, viewed July 31, 2012). 
588 |a Latest issue consulted: Vol. 3, issue 1 (June 2012) (viewed July 31, 2012). 
650 0 |a Pharmacology  |v Periodicals. 
650 7 |a Pharmacology.  |2 fast  |0 (OCoLC)fst01060259 
650 2 |a Pharmacology. 
655 0 |a Electronic journals. 
710 2 |a PCTE Institute of Pharmacy. 
776 0 8 |i Print version:  |t Journal of pharmaceutical education and research (Print)  |x 0976-8173 
856 4 0 |z Full text available from Research Library: 06/01/2010 to 06/30/2013  |u https://search.proquest.com/publication/276246